000 01807cam a2200445 a 4500
001 1126531
003 SISC
005 20160404152652.0
008 941021r19951940nyua b 000 0 eng
010 _a 94040815
020 _a0471119792 (acidfree paper)
020 _a0471119784 (paper : acidfree paper)
040 _aDLC
_cDLC
_dDLC
043 _an-us---
050 0 0 _aHG 4572
_b.Sch35 1995
082 0 0 _aHS 332.64
_bSch9 1995
100 1 _aSchwed, Fred,
_d1901 or 2-1966.
_912056
245 1 0 _aWhere are the customers' yachts?, or, A good hard look at Wall Street /
_cFred Schwed, Jr. ; illustrated by Peter Arno.
246 3 0 _aGood hard look at Wall Street
260 _aNew York :
_bWiley,
_cc1995.
300 _axxx, 215 p. :
_bill. ;
_c23 cm.
440 0 _aWiley investment classics
_912057
500 _aOriginally published: New York : Simon and Schuster, 1940.
526 _c1110L to 1700L
562 _eFor circulation. One copy available in the collection.
650 0 _aStocks.
_912058
650 0 _aInvestments.
_99769
650 0 _aStocks
_vHumor.
_912059
650 0 _aInvestments
_vHumor.
_912060
651 0 _aWall Street (New York, N.Y.)
_912061
651 0 _aWall Street (New York, N.Y.)
_vHumor.
_912062
651 0 _aWall Street (New York, N.Y.)
_vCaricatures and cartoons.
_912063
856 4 2 _3Contributor biographical information
_uhttp://www.loc.gov/catdir/bios/wiley041/94040815.html
856 4 2 _3Publisher description
_uhttp://www.loc.gov/catdir/description/wiley032/94040815.html
856 4 _3Table of Contents
_uhttp://www.loc.gov/catdir/toc/onix02/94040815.html
906 _a7
_bcbc
_corignew
_d1
_eocip
_f19
_gy-gencatlg
942 _2lcc
_cBK
999 _c245
_d245